000 00869nam a2200241Ia 4500
003 OSt
005 20220923211249.0
006 a|||||r|||| 00| 0
007 ta
008 220922b |||||||| |||| 00| 0 pan d
020 _a9788178562490 (hbk)
_c160
024 _a241,259
037 _b171, 24/10/2009, H.K. Prakashan
_cTextual
040 _aARTS
_cARTS
_bpan
041 _2pan
_apan
082 _aO153,1K80:g, P9
100 _aਘੁੰਮਣ, ਬਿਕਰਮ ਸਿੰਘ
_9156274
245 0 _aਕਾਖ਼ੀਆਂ ਬੁੱਲੇਸ਼ Fਾਹ
_b ਪਾਠ ਅਤੇ ਆਲੋਚਨਾ
260 _aਅੰਮ੍ਰਿਤਸਰ
_b ਵਾਰਿਸ Fਾਹ
_c2009
300 _a168ਪੰ
_ccm.
942 _hO153,1K80:g, P9
_cTEXL
_2CC
999 _c297891
_d297891